000 00243nam a2200097Ia 4500
001 805687
005 20250826171157.0
008 250824s9999 xx 000 0 und d
245 0 _aBEŞ ŞEHİR
_cAHMET HAMDİ TANPINAR
260 _bDERGAH YAYINLARI
999 _c805687
_d805687